Представление документа в формате RUSMARC

ПолеНазваниеЗначение
  Тип записи a
  Библиографический уровень c
001 Контрольный номер 623ef2c5a81b4d3591e0c5c1f1176866
005 Дата корректировки 20201206205149.5
010 Индекс ISBN __
a ISBN 978-5-17-104913-3 (в пер.)
d Цена 299-20, 2000 экз.
100 Данные общей обработки __
a Данные общей обработки 19181114d2018||||||| 0rusy0189 ca
101 Язык документа 0_
a Язык текста rus
102 Страна публикации __
a Страна публикации ru|
102 Страна публикации __
a Страна публикации RU
105 Кодированные данные (монография) __
a Кодированные данные (монография) |||a||||000zy
200 Заглавие и сведения об ответственности 1_
a Заглавие Поезд пишет пароходу
f Первые сведения об ответственности Анна Лихтикман
b Общее обозначение материала Текст
210 Выходные данные __
a Место издания Москва
c Издательство АСТ
d Дата издания 2018
215 Физическое описание __
a Объем 284, [3] c.
d Формат 21 см
225 Серия __
a Серия Люди, которые всегда со мной
300 Общие примечания __
a Общие примечания На обложке: Гран-при премии "Рукопись года"
330 Аннотация __
a Аннотация Наша жизнь кое-как защищена правовой и медицинской системами, а вот наша история беззащитна. Любой может пересказать ее, исказив до неузнаваемости. Ни одна страховая фирма не возьмется застраховать воспоминание, а ведь иногда это единственный наш капитал. Герои этой книги снимают кино, изучают веб-дизайн или работают в рекламе, но в какой-то момент оказываются в пустоте, иногда - по собственному выбору. В книге пересекаются пути тридцатилетнего писателя, пожилой дамы, студентки и известного кинорежиссера. Каждый из них одинок, каждый хочет узнать чужую тайну, но при этом сохранить свою.
333 Примечание о целевом назначении __
a Примечание о целевом назначении 16+. Для детей старше 16 лет
606 Тематические рубрики __
a Основная рубрика Художественная литература
606 Тематические рубрики __
a Основная рубрика Современная русская литература (произведения)
610 Ключевые слова __
a Ключевые слова проза
610 Ключевые слова __
a Ключевые слова тема людей
610 Ключевые слова __
a Ключевые слова современная проза
610 Ключевые слова __
a Ключевые слова тема жизни
610 Ключевые слова __
a Ключевые слова тема одиночества
610 Ключевые слова __
a Ключевые слова тема тайн
610 Ключевые слова __
a Ключевые слова тема воспоминаний
610 Ключевые слова __
a Ключевые слова романы
686 Индексы других классификаций __
2 Код системы rubbks
a Классификационный индекс 84(2=411.2)6-4; ст84(2Рос=Рус)6-4
700 Автор _1
a Фамилия Лихтикман
b Имя А.
g Полное личное имя Анна
4 Код отношения 070
801 Источник записи _0
a Страна ru
b Организация Муниципальное бюджетное учреждение культуры "Централизованная библиотечная система" г. Сургут (Центральная городская библиотека им. А. С. Пушкина)
c Дата составления 20181114
g Правила каталогизации PSBO
801 Источник записи _1
a Страна ru
b Организация Муниципальное бюджетное учреждение культуры "Централизованная библиотечная система" г. Сургут (Центральная городская библиотека им. А. С. Пушкина)
c Дата составления 20181114
g Правила каталогизации PSBO
852 Данные о местонахождении __
j Шифр хранения 84(2=411.2)6-4
i Авторский знак Л 65
901 Тип документа __
t Тип документа m
a Ответственный ООФиК/Волкова
903 Характеристики (МАРС) __
a Дата передачи 20181114
990 Данные о заказе (DOS) __
j Количество экземпляров (DOS) 6
t N записи в КСУ для И/У (DOS) 201811